El fils̤ofo y el mercader

Detalles Bibliográficos
Autor principal: Mňdez Baiges, Vc̕tor
Formato: Libro
Lenguaje:español
Publicado: Mx̌ico Fondo de Cultura Econm̤ica 2004
Materias:
Acceso en línea:Acceso restringido

MARC

LEADER 00000nam a22000007a 4500
005 20151216130028.0
007 cr|||| ||u|
008 151216s2004 mx ||||| |||| 00||0 spa d
020 |a 968-16-7228-3 
035 |a 12966 
040 |a vLex 
090 |c 5735  |d 5735 
100 1 |a Mňdez Baiges, Vc̕tor  
245 1 3 |a El fils̤ofo y el mercader  |h [Recurso electrn̤ico] /  |c Vc̕tor Mňdez Baiges  
256 |a Servicio en ln̕ea  
260 |a Mx̌ico  |b Fondo de Cultura Econm̤ica  |c 2004  
300 |a 1 recurso electrn̤ico ( 412 Pg̀inas.) 
500 |a Filosofa̕, derecho y economa̕ en la obra de Adam Smith. 
506 1 |a Contenido solo disponible en los productos indicados  |d vLex Global  |d vLex Global (Academic Edition, excluding Law Schools)  |d vLex Global (U.S. Academic Edition, Law Schools)  |d vLex Global (U.S. Academic Edition, excluding Law Schools)  |d vLex Global (Academic Edition, Law Schools) 
650 0 4 |a Derecho  |z Mx̌ico 
740 0 |a vLex libros (servicio en ln̕ea)  
856 4 0 |u http://vlex.com/source/filosofo-mercader-12966  |z Acceso restringido 
942 |c BOOK 
999 0 |a Law